书目信息 |
| 题名: |
领导者的道德资本
|
|
| 作者: | 西松, 著 ;于文轩 , 丁敏 译 | |
| 分册: | ||
| 出版信息: | 北京 中央编译出版社 2005.10 |
|
| 页数: | 224页 | |
| 开本: | 24cm | |
| 丛书名: | 管理人译丛 | |
| 单 册: | ||
| 中图分类: | F272.91 | |
| 科图分类: | ||
| 主题词: | 企业管理--qi ye guan li--领导人员--道德修养--研究 | |
| 电子资源: | ||
| ISBN: | 7-80211-167-6 | |
| 000 | 01354nam 2200313 450 | |
| 001 | 012006419544 | |
| 005 | 20060911164131.31 | |
| 010 | @a7-80211-167-6@dCNY30.00 | |
| 100 | @a20060808d2005 km y0chiy0120 ea | |
| 101 | 1 | @achi@ceng |
| 102 | @aCN@b110000 | |
| 105 | @ay a 000yy | |
| 106 | @ar | |
| 200 | 1 | @a领导者的道德资本@Aling dao zhe de dao de zi ben@e为什么美德如此重要@d= The moral capital of leaders@eWhy virtue matters@f(西) 阿莱霍·何塞·G .西松 (Alejo Jose G. Sison) 著@F(xi)a lai huo·he sai·G.xi song(Alejo Jose G.Sison)zhu@g于文轩, 丁敏译@Gyu wen xuan,ding min yi@zeng |
| 210 | @a北京@c中央编译出版社@d2005.10 | |
| 215 | @a224页@d24cm | |
| 225 | 2 | @a管理人译丛@Aguan li ren yi cong |
| 320 | @a有书目 (第221-222页)。 | |
| 330 | @a本书在“领导者的道德资本”主题之下,对企业的道德资本从哲学、伦理学、社会学、经济学等角度进行全方位的、较为系统的研究。 | |
| 410 | 0 | @12001 @a管理人译丛 |
| 510 | 1 | @aMoral capital of leaders@eWhy virtue matters@zeng |
| 517 | 1 | @a为什么美德如此重要@Awei shi mo mei de ru ci zhong yao |
| 606 | 0 | @a企业管理@Aqi ye guan li@x领导人员@x道德修养@x研究 |
| 690 | @aF272.91@v4 | |
| 701 | 1 | @a西松,@Axi song,@bA. J. G.@g(Sison, Alejo Jose G.),@f1964-@4著 |
| 702 | 0 | @a于文轩@Ayu wen xuan@4译 |
| 702 | 0 | @a丁敏@Ading min@4译 |
| 801 | 0 | @aCN@bQSSK@c20060911 |
| 905 | @b599781-83@dF272.91@eX091 | |
| 领导者的道德资本:为什么美德如此重要= The moral capital of leaders:Why virtue matters/(西) 阿莱霍·何塞·G .西松 (Alejo Jose G. Sison) 著/于文轩, 丁敏译.-北京:中央编译出版社,2005.10 |
| 224页;24cm.-(管理人译丛) |
| ISBN 7-80211-167-6:CNY30.00 |
| 本书在“领导者的道德资本”主题之下,对企业的道德资本从哲学、伦理学、社会学、经济学等角度进行全方位的、较为系统的研究。 |
| ● |
| 相关链接 |
|
|
|
正题名:领导者的道德资本
索取号:F272.91/X091
 
预约/预借
| 序号 | 登录号 | 条形码 | 馆藏地/架位号 | 状态 | 备注 |
| 1 | 599781 | 205997812 | 社科库409/409社科库 89排3列1层/ [索取号:F272.91/X091] | 在馆 | |
| 2 | 599782 | 205997821 | 社科库409/409社科库 89排3列1层/ [索取号:F272.91/X091] | 在馆 | |
| 3 | 599783 | 205997830 | 社科库409/409社科库 89排3列1层/ [索取号:F272.91/X091] | 在馆 |